MDQL
is popping MORE tags! Check the
thread
!
Quizzes
Events
Quiz Creation
Community
Videos
Private Events
Remove Ads
Sign In
Join for FREE
Feedback
Dark Mode
Quiz Categories
Sports
Geography
Music
Movies
Television
Just For Fun
Miscellaneous
History
Literature
Language
Science
Gaming
Entertainment
Religion
Holiday
For Kids
Quiz Lab
Recent
Popular Today
Quiz Kudos Today
Editor Picks
Curator Picks
Quizzes by...
Day
Popularity
Type
Ratings
Length
Year
Community
Subscriptions
Recent Discussions
Orange Saloon
Badges
Playlists
Quests
Create
Leaderboards
Showdown
Live 5
Trivia Bingo
Activity
Puzzle Library
Sporcle Events
Private Events
Virtual Trivia
Globe League
Become a Host
Pub Owners
SporcleCon
Opinionation
Our Games
Videos
Blog
Mobile Apps
Partnerships
Remove Ads and Go Orange
Feedback
Movies
Disney
Marvel Cinematic Universe
Movie Resume
Movie Titles
Oscar
Actor
Actress
Director
Pixar
Role
Movie Quotes
Movie Characters
Box Office
Nominee
Best Picture
Star Wars
James Bond
Horror Movies
Movies
Disney
Marvel Cinematic Universe
Movie Resume
Movie Titles
Oscar
Actor
Actress
Director
Pixar
Role
Movie Quotes
Movie Characters
Box Office
Nominee
Best Picture
Star Wars
James Bond
Horror Movies
Random Quiz
Search Sporcle
×
Quiz Lab
Quiz Lab
Movies
Mania
Type in answers that appear in a list
Type in answers that appear in a list
Classic
Best Score? Go Orange.
Twilight Mania Stats
Can you name the twilight facts?
By
dulciegriffiths
7m
35 Questions
497 Plays
497 Plays
497 Plays
Comments
Comments
Give Quiz Kudos
Give Quiz Kudos
-
- Ratings
hide this ad
No Skip
Answers have to be entered in order without skipping
Answers have to be entered in order without skipping
Replay
Link that replays current quiz
Next Quiz
Link to next quiz in quiz playlist
You Got
0%
They Got
Avg Score
49%
Avg Friend Score
Upgrade to see
Score Distribution
Jump to the score distribution portion of the page
Score
0/35
Timer
07:00
0
Plays Today
Question
Answer
% Correct
?
???
100%
?
???
99%
?
???
95.8%
?
???
95.4%
?
???
94%
?
???
91.8%
?
???
82.9%
?
???
73.8%
?
???
73.4%
?
???
73.2%
?
???
73%
?
???
73%
?
???
72.8%
?
???
71.2%
?
???
69.8%
?
???
69.6%
?
???
64.8%
?
???
63.6%
Question
Answer
% Correct
?
???
30.2%
?
???
25.6%
?
???
23.1%
?
???
22.7%
?
???
22.7%
?
???
22.7%
?
???
17.1%
?
???
17.1%
?
???
17.1%
?
???
16.9%
?
???
16.9%
?
???
13.7%
?
???
12.3%
?
???
10.9%
?
???
10.9%
?
???
10.7%
?
???
10.5%
Quiz Playlist
Details
Report
Send in Message
Add To Playlist
Classic:
Type in answers that appear in a list
No Skip:
Answers have to be entered in order without skipping
Last Updated: Feb 16, 2017
Quiz Scoreboard
CHALLENGE
Sign Up to Join the Scoreboard
Show All
Scores
Hide
Comments
May contain spoilers
Recently Published
Two Season TV Shows II
by 123Four
Television
10m
Image Sorting: Flags VI
by Barbecue
Geography
2m
Find the 'City' Movie
by crazypaving
Movies
60s
More to Explore
Quiz From the Vault
Featured Blog Post
14 Easter Pick-up Lines to Find Eggs With
hide this ad
You Might Also Like...
Tags
Mania
Twilight
Today's Top Quizzes in Movies
Browse Movies
hide this ad
Today's Top Quizzes in Mania
Browse Mania
Top Contributed Quizzes in Movies
1
Find The 'Big' Movie
2
The ultimate James Bond movie quiz
3
Find The 'Wild' Movie
4
Find The 'Blue' Movie
5
Movies By Plot
6
Hidden Star Wars Character II
7
Pick 5 Posters: Directed by Spielberg
8
Hidden Star Wars Character III
9
Hidden Star Wars Character IV
10
25 Best Actor Nominees (1990s)
Explore More
Trending Topics
Kpop
Harry Potter
Anime
Disney
NBA
Crossword
Marvel
Soccer
NFL
WWE
Country
Pokémon
Song
Puzzle
The Office
hide this ad
More By:
dulciegriffiths
Quiz
Plays
Rating
Category
Featured
Created
Titanic general quiz
3,592
1.18
Movies
Feb 19, 2012
Bruno Mars 'Marry You' Lyrics
800
2.17
Music
Aug 16, 2012
Twilight Mania
497
1.75
Movies
Aug 26, 2012
Twilight A-Z
199
1.50
Literature
Apr 17, 2012
Taylor Lautner Quiz
184
3.00
Movies
Apr 10, 2012
Go to Creator's Profile
Score Distribution
Quiz Creator Spotlight
dulciegriffiths
Follow
Send a Message
Quizzes Created
-
Created Quiz Play Count
-
More By This Creator
Popular Quizzes Today
1
Find the US States - No Outlines Minefield
2
Colored Red Africa Blitz
3
Find the 'City' Movie
4
5x2 Blitz: Bands
5
The Countries of the World
6
Find the Countries of Europe - No Outlines Minefield
7
Find the US States
8
US States
More Movies Quizzes
Find the 'Story' Movie
Published
Trending Quizzes
Colored Red Europe Blitz I
Colored Red Africa Blitz II
Colored Red Europe Blitz II
Colored Red Africa Blitz III
Colored Red Europe Blitz III
Recently Updated
How Do You Spell That?
pecheneg
Godzilla Movies
pecheneg
Grab Bag: 4-10 Letters
pecheneg
2024 March Madness Bracket
pecheneg
Famous TV Couples
Peacemaker
Champions League XIs: Real Madrid
pecheneg
Largest US Cities 1790-2010
pecheneg
Rides in Walt Disney World
pecheneg
Most Oscar Losses (Acting)
pecheneg
Beyoncé Albums
pecheneg
Trending Topics
Kpop
Harry Potter
Disney
Anime
Crossword
NBA
Marvel
Puzzle
WWE
The Office
Country
Soccer
NFL
Song
Pokémon
Your Account Isn't Verified!
In order to create a playlist on Sporcle, you need to verify the email address you used during registration. Go to your
Sporcle Settings
to finish the process.
Report this User
Report this user for behavior that violates our
Community Guidelines
.
Details:
Send Report
Go to the Sporcle.com Mobile Site →
Comments